RetailPlus - prínos pre klienta i banku

Bibliographic Details
Main Author: Bulla, Vladimír (Author)
Format: Article
Language:Slovak
Subjects:

MARC

LEADER 00000nab a2200000 a 4500
001 vtls000528401
003 SK-MaSNL
005 20260304102201.0
008 250426c1994 xo 0 slo
015 |a SNBRB19rr/mm-uuuuu 
035 |a CL0528539 
035 |a urn:nbn:sk:snk-ab27ij 
035 |a (urnnbn)urn:nbn:sk:snk:ar-a01vob 
035 |a (uuid)c24bb452-3e4a-452d-a556-a821cfa1607e 
040 |a SNKBUCL  |b slo  |c SNKBUCL  |e AACR2 
041 0 |a slo 
044 |a xo  |c SK 
080 |a 336.712(437.6):336.717.1:519.688  |2 1981 
080 |a 336.717.1  |2 1981 
080 |a 519.688  |2 1981 
080 |a 681.3  |2 1981 
080 |a 659.2.012.45  |2 1981 
100 1 |a Bulla, Vladimír  |4 aut  |9 633693 
245 1 0 |a RetailPlus - prínos pre klienta i banku  |c Vladimír Bulla 
650 0 7 |a Priemyselná banka, a.s.  |2 snkbucl  |9 981108 
650 0 7 |a platobný styk  |2 snkbucl  |9 3664 
650 0 7 |a styk zúčtovací  |2 snkbucl  |9 1136708 
650 0 7 |a programové systémy  |2 snkbucl  |9 1872 
650 0 7 |a RetailPlus (systém programový)  |2 snkbucl  |9 1398724 
655 7 |a články z novín a časopisov  |2 snkbucl  |9 267496 
773 0 |t Biatec  |g Roč. 2, č. 9 (1994), s. 24-25 
850 |a Slovenská národná knižnica 
852 |a Slovenská národná knižnica 
954 |a odborná, vedecká literatúra pôvodná (slovenská)  |2 lita 
958 |a article2022 
958 |a RK 
958 |a OND 
958 |a EUIPO 
992 |a RBX 
999 |c 2844319  |d 2846249